LEADER 01085nam a2200241 4500 001 000000343523 003 CaOOAMICUS 005 20201224170231.0 008 201224s200. it 000 u ita r 040 $aSeMil$bita 110 2 $aLibreria antiquaria Mediolanum.$0(OLS)http://semarc/name/112690 245 10$aCittà e paesi d'Italia :$bstoria, arte, società : catalogo 29 /$cLibreria antiquaria Mediolanum. 264 1$aMilano :$bLibreria Antiquaria Mediolanum,$c[200.?] 300 $a236 p. :$bill. ;$c24 cm 490 1 $aCatalogo ;$v29 500 $aCatalogo di vendita 650 4$aLibri rari, antichi e di pregio - Cataloghi.$0(OLS)http://semarc/subject/79 830 0$aCatalogo ;$v29.$0(OLS)http://semarc/title/7800 850 $aSeMil 852 $aSeMil$W1$xVenegono$y1$m3Y IV 50$j259353$B234545$CSeMilBibl$Z2$F234545 $81 996 $6245$aCittà e paesi d'Italia :$bstoria, arte, società : catalogo 29$9(OLS)http://semarc/title/432514 996 $6264$aMilano :$bLibreria Antiquaria Mediolanum$9(OLS)http://semarc/publisher/47451 LEADER 00785nam a2200205 i 4500 001 000000184880 003 CaOOAMICUS 005 20100120000000.0 008 100120s1910 fr u000 u fre u 013 $a162866 040 $aSeMil$bita 100 1 $aBrunetière, Ferdinand <1849-1906>.$0(OLS)http://semarc/name/6494 245 10$aCinq lettres sur Ernest Renan /$cFerdinand Brunetière. 260 $aParis :$bPerrin,$c1910. 300 $a102 p. ;$c19 cm. 650 4$aRenan, Ernest <1823-1892>.$0(OLS)http://semarc/subject/9232 850 $aSeMil 852 $aSeMil$W1$xVenegono$y1$m2X I 132$j135571$B135571$CSeMilBibl$Z2$F147123 $81 996 $6245$aCinq lettres sur Ernest Renan$9(OLS)http://semarc/title/265504 996 $6260$aParis :$bPerrin$9(OLS)http://semarc/publisher/32499